Abogados : (Registro nro. 173623)

Detalles MARC
000 -LEADER
fixed length control field 01178nam a22003251i 4500
001 - CONTROL NUMBER
control field bslw10110705
006 - FIXED-LENGTH DATA ELEMENTS--ADDITIONAL MATERIAL CHARACTERISTICS--GENERAL INFORMATION
fixed length control field m o d
007 - PHYSICAL DESCRIPTION FIXED FIELD--GENERAL INFORMATION
fixed length control field cr un ---uuuua
008 - FIXED-LENGTH DATA ELEMENTS--GENERAL INFORMATION
fixed length control field 231215s2021 ck a o 000 0 spa d
020 ## - INTERNATIONAL STANDARD BOOK NUMBER
International Standard Book Number 9789587914306
035 ## -
-- 42134
040 ## - CATALOGING SOURCE
Original cataloging agency UtOrBLW
Language of cataloging eng
Description conventions rda
Transcribing agency UtOrBLW
050 #4 -
-- K120
-- .A26 2021
082 04 -
-- 340.0684
-- 23
245 00 - TITLE STATEMENT
Title Abogados :
Remainder of title de esto y de aquello de la abogacía, la literatra y el derecho /
Statement of responsibility, etc Gustavo Ibáñez Carreño (Compilador) con la colaboración de: Gustavo Gómez Velásquez (Examagistrado de la Corte Suprema de Justicia).
250 ## -
-- Tercera Edición.
264 #1 -
-- Bogotá, D.C. :
-- Grupo Editorial Ibañez,
-- 2021.
300 ## - PHYSICAL DESCRIPTION
Extent 1 online resource (878 pages) :
Other physical details illustrations
336 ## -
-- text
-- txt
-- rdacontent
337 ## -
-- computer
-- c
-- rdamedia
338 ## -
-- online resource
-- cr
-- rdacarrier
650 #0 - SUBJECT ADDED ENTRY--TOPICAL TERM
Topical term or geographic name as entry element Practice of law.
650 #0 - SUBJECT ADDED ENTRY--TOPICAL TERM
Topical term or geographic name as entry element Lawyers.
650 #0 - SUBJECT ADDED ENTRY--TOPICAL TERM
Topical term or geographic name as entry element Law and literature.
700 1# - ADDED ENTRY--PERSONAL NAME
Personal name Ibáñez Carreño, Gustavo,
Relator term compiler.
700 1# - ADDED ENTRY--PERSONAL NAME
Personal name Gómez Velásquez, Gustavo,
Relator term contributor.
856 40 - LOCALIZACIÓN Y ACCESO ELECTRÓNICO
Identificador Uniforme del Recurso (URI/URL) https://app.vlex.com/#/sources/42134
942 ## -
-- RAA
999 ## -
-- 173623
-- 173623

No hay ítems disponibles.


CONTACTO


NOSOTROS


SITIOS DE INTERES

coordinacion.biblioteca.biblioteca@unienlinea.mx Misión, Visión y Objetivos Bases de datos
Directorio Bibliotecas Digitales y Repositorios
Normatividad Revistas y artículos
Convenios interbibliotecarios
Boletines



Hecho en México. Universidad Insurgentes (UIN). Todos los derechos reservados 2024. Esta página y sus contenidos pueden ser reproducidos con fines no lucrativos, siempre y cuando no se mutile, se cite la fuente completa y su dirección electrónicas. De otra forma requiere permiso previo por escrito de la institución




2024 Copyright Universidad Insurgentes | www.bibliouin.com.mx